000 00325nam a2200145Ia 4500
100 _aSedva/Adels/ Smith/ K.C.
250 _a4
942 _cBK
654 _amicroelectronics
245 _aMicroelectronics Circuits
260 _bOxford university
_aNew Jersey
_c1998
300 _a1237
546 _aENGLISH
999 _c23310
_d23310